00257nam a2200109Ia 4500100001700000654002900017245003900046260002800085082001400113300000800127546001200135 aMukhi Vijay  aVisual basics controls aWriting Visual Basics Controls bB.B.P.aNew Delhic1995 a5.13bPAN a140 aENGLISH